The soul winner: (Record no. 16686)

000 -LEADER
fixed length control field 00536nam a2200181 a 4500
001 - CONTROL NUMBER
control field :::00019868$&:&@@
003 - CONTROL NUMBER IDENTIFIER
control field OkBaRHE
005 - DATE AND TIME OF LATEST TRANSACTION
control field 20011106151306.0
008 - FIXED-LENGTH DATA ELEMENTS--GENERAL INFORMATION
fixed length control field s1963 j 000 0 eng u
040 ## - CATALOGING SOURCE
Transcribing agency
100 1# - MAIN ENTRY--PERSONAL NAME
Personal name Spurgeon, C. H.
245 14 - TITLE STATEMENT
Title The soul winner:
Remainder of title or how to lead sinners to the saviour.
260 ## - PUBLICATION, DISTRIBUTION, ETC. (IMPRINT)
Place of publication, distribution, etc Grand Rapids, MI
Name of publisher, distributor, etc Eerdmans
Date of publication, distribution, etc 1963
300 ## - PHYSICAL DESCRIPTION
Extent 319 p.
650 ## - SUBJECT ADDED ENTRY--TOPICAL TERM
Topical term or geographic name as entry element Evangelism
942 ## - ADDED ENTRY ELEMENTS (KOHA)
Source of classification or shelving scheme
Koha item type Books
Copies
Not for loan Full call number Damaged status Source of classification or shelving scheme Lost status Price effective from Barcode Withdrawn status Koha item type Date acquired Date last seen Permanent Location Shelving location Copy number
 BV 3795 .S6   2010-04-1419868 Books2010-04-142010-04-14RHEMA Bible Training CollegeGeneral Stacks1